000 00729nam a22002417a 4500
003 KOHA_MİRAKIL
005 20260428091118.0
008 260421b tu ||||| |||| 00| 0 tur d
020 _a9789755845890
040 _aTR-AnABB
_btur
_cTR-AnABB
041 _atur
082 _a813.42
_bERG 2025
100 1 _aErgen, Melih
245 1 0 _aMed / Cezir :
_bgeldim / gidiyorum /
_cMelih Ergen
250 _a3. baskı
260 _aKonya :
_bÖteki yayınevi,
_c2025
300 _a415 sayfa ;
_c20 cm
490 0 _aÖteki yayınevi ;
_v48856
500 _aYazar tarafından Prof. Dr. Ruşen Keleş için imzalanmıştır.
650 0 4 _aTürk edebiyatı, roman
900 _bCan ÇELIK
942 _2ddc
_cBK
999 _c10331
_d10331